| 000 | 02257nam2a2200349 4500 | ||
|---|---|---|---|
| 001 | RU\NLR\bibl\1429177 | ||
| 005 | 20260405165905.0 | ||
| 010 | _a978-5-7695-5684-5 | ||
| 010 |
_a978-5-7965-5683-8 _bт. 4 _92500 |
||
| 021 |
_aRU _b2009-68103 _94205 |
||
| 035 | _a(NLR Aleph) 001421095 | ||
| 090 |
_a1343180 _c1343180 |
||
| 100 | _a20091022d2009 |||y0rusy50 ca | ||
| 101 | 0 | _arus | |
| 102 | _aRU | ||
| 105 | _ay ||||||||| | ||
| 200 | 1 |
_aСистематика высших растений _eучебник для студентов высших учебных заведений, обучающихся по направлению "Биология" и биологическим специальностям _eв 2 кн. _hкн. 2 _fА.К. Тимонин, Д.Д. Соколов, А.Б. Шипунов _gпод ред. проф. А.К. Тимонина |
|
| 210 |
_d2009 _aБ. м. |
||
| 215 |
_a350, [1] с. _cил. |
||
| 461 | 0 |
_1001RU\NLR\bibl\1040108 _12001#$aБотаника$vТ. 4 _9737610 _aБелякова, Г. А. _cМосква _d2006 _fГ.А. Белякова, Ю.Т. Дьяков, К.Л. Тарасов _nАкадемия _oучебник для студентов, обучающихся по направлению подготовки бакалавров, специалистов и магистров 020200 "Биология" : в 4 т. _tБотаника _y5-7695-2730-7 _vТ. 4 |
|
| 606 | 1 |
_aВысшие растения _jУчебники для высших учебных заведений _xСистематика _92580002 _3RU\NLR\auth\661525263 |
|
| 686 | _aЕ592я73-1 | ||
| 701 | 1 |
_4340 _7ca _8rus _aТимонин _bА. К. _cд-р биол. наук _f1958- _gАлександр Константинович _9181422 _3RU\NLR\AUTH\770181473 |
|
| 701 | 1 |
_4070 _8rus _7ca _aСоколов _bД. Д. _cд-р биол. наук _f1973- _gДмитрий Дмитриевич _3RU\NLR\auth\7745139 _928078 |
|
| 701 | 1 |
_4070 _8rus _7ca _aШипунов _bА. Б. _f1965-2022 _gАлексей Борисович _3RU\NLR\AUTH\7771759 _954687 |
|
| 801 | 0 |
_aRU _bNLR _c20091022 _gRCR |
|
| 801 | 1 |
_aRU _bNLR _c20091022 |
|
| 830 | _aавт. раскрыты в кн. | ||
| 942 | _cBOOK | ||
| 980 | _aNB | ||